Les régimes alimentaires dans les maladies des voies digestives et de la nutrition / (Record no. 77234)

MARC details
000 -LEADER
campo de control de longitud fija 00882nam a2200229 i 4500
001 - NÚMERO DE CONTROL
campo de control 77234
003 - IDENTIFICADOR DE NÚMERO DE CONTROL
campo de control ES-MaACL
005 - FECHA Y HORA DE LA ÚLTIMA TRANSACCIÓN
campo de control 20260215162910.0
007 - CAMPO FIJO DE DESCRIPCIÓN FÍSICA--INFORMACIÓN GENERAL
campo de control de longitud fija t|
008 - DATOS DE LONGITUD FIJA--INFORMACIÓN GENERAL
campo de control de longitud fija 041007s1913 fr ||||1| fre d
100 1# - ENTRADA PRINCIPAL--NOMBRE DE PERSONA
Nombre de persona Hamaide, Emile.
9 (RLIN) 61635
245 14 - MENCIÓN DEL TÍTULO
Título Les régimes alimentaires dans les maladies des voies digestives et de la nutrition /
Mención de responsabilidad, etc. par Hamaide et Nigay ; avec notices hydrologiques complémentaire sur les maladies des voies digestives, d'après Albert Mathieu, sur les maladies de la nutrition par Marcel Labbé.
260 ## - PUBLICACIÓN, DISTRIBUCIÓN, ETC.
Lugar de publicación, distribución, etc. Paris :
Nombre del editor, distribuidor, etc. E. Bougault,
Fecha de publicación, distribución, etc. [1913] (
Fabricante A. Davy)
300 ## - DESCRIPCIÓN FÍSICA
Extensión 192 p. ;
Dimensiones 18 cm.
650 04 - PUNTO DE ACCESO ADICIONAL DE MATERIA--TÉRMINO DE MATERIA
Término de materia o nombre geográfico como elemento de entrada Aparato digestivo-
Subdivisión general Enfermedades.
9 (RLIN) 9906
650 04 - PUNTO DE ACCESO ADICIONAL DE MATERIA--TÉRMINO DE MATERIA
Término de materia o nombre geográfico como elemento de entrada Nutrición.
9 (RLIN) 15650
700 1# - ENTRADA AGREGADA--NOMBRE PERSONAL
Nombre de persona Nigay, Antoine.
9 (RLIN) 85735
700 1# - ENTRADA AGREGADA--NOMBRE PERSONAL
Nombre de persona Mathieu, Albert
9 (RLIN) 79042
700 1# - ENTRADA AGREGADA--NOMBRE PERSONAL
Nombre de persona Labbé, Marcel.
9 (RLIN) 69227
852 ## - LOCALIZACIÓN
Ubicación ES-MaACL
Número de control de estantería F-1345
Holdings
Estatus retirado Estado de pérdida Estado de daño No para préstamo Biblioteca de origen Biblioteca actual Ubicación en estantería Fecha de adquisición Fuente de adquisición Total de préstamos Signatura topográfica completa Código de barras Visto por última vez Precio de reemplazo Tipo de ítem Koha
        Biblioteca del Ateneo de Madrid Biblioteca del Ateneo de Madrid Depósito 2 17/01/2008     F-1345 1080809 23/02/2023 23/02/2023 Libro impreso